Палеогеографические и литолого-фациальные особенности формирования юрских отложений (пласт Ю[4]) Усть-Тегусского месторождения (Демьянский нефтегазоносный район); Проблемы геологии и освоения недр; Т. 1

Bibliografiske detaljer
Parent link:Проблемы геологии и освоения недр: труды XXI Международного симпозиума имени академика М. А. Усова студентов и молодых ученых, посвященного 130-летию со дня рождения профессора М. И. Кучина, Томск, 3-7 апреля 2017 г./ Национальный исследовательский Томский политехнический университет (ТПУ), Институт природных ресурсов (ИПР) ; под ред. А. С. Боева.— , 2017
Т. 1.— 2017.— [С. 79-80]
Hovedforfatter: Тощева Я. С.
Institution som forfatter: Национальный исследовательский Томский государственный университет (ТГУ)
Andre forfattere: Шаминова М. И. Марина Ивановна (научный руководитель)
Summary:Заглавие с экрана
Sprog:russisk
Udgivet: 2017
Serier:Палеонтология, стратиграфия и региональная геология. Геоинформационные системы в науках о Земле
Fag:
Online adgang:http://earchive.tpu.ru/handle/11683/44328
Format: MixedMaterials Electronisk Book Chapter
KOHA link:https://koha.lib.tpu.ru/cgi-bin/koha/opac-detail.pl?biblionumber=624442

MARC

LEADER 00000naa2a2200000 4500
001 624442
005 20231101133319.0
035 |a (RuTPU)RU\TPU\conf\23702 
035 |a RU\TPU\conf\23698 
090 |a 624442 
100 |a 20171122d2017 k y0rusy50 ca 
101 0 |a rus 
102 |a RU 
105 |a y z 100zy 
135 |a drcn ---uucaa 
181 0 |a i  
182 0 |a b 
200 1 |a Палеогеографические и литолого-фациальные особенности формирования юрских отложений (пласт Ю[4]) Усть-Тегусского месторождения (Демьянский нефтегазоносный район)  |f Я. С. Тощева  |g науч. рук. М. И. Шаминова 
203 |a Текст  |c электронный 
225 1 |a Палеонтология, стратиграфия и региональная геология. Геоинформационные системы в науках о Земле 
230 |a 1 компьютерный файл (pdf; 1 134 Kb) 
300 |a Заглавие с экрана 
320 |a [Библиогр.: с. 80 (2 назв.] 
461 1 |0 (RuTPU)RU\TPU\conf\21932  |t Проблемы геологии и освоения недр  |o труды XXI Международного симпозиума имени академика М. А. Усова студентов и молодых ученых, посвященного 130-летию со дня рождения профессора М. И. Кучина, Томск, 3-7 апреля 2017 г.  |o в 2 т.  |f Национальный исследовательский Томский политехнический университет (ТПУ), Институт природных ресурсов (ИПР) ; под ред. А. С. Боева  |d 2017 
463 1 |0 (RuTPU)RU\TPU\conf\21936  |t Т. 1  |v [С. 79-80]  |d 2017 
610 1 |a электронный ресурс 
610 1 |a палеогеографические особенности 
610 1 |a литолого-фациальные особенности 
610 1 |a юрские отложения 
610 1 |a Тюменская область 
610 1 |a литофации 
610 1 |a пласты 
610 1 |a горные породы 
610 1 |a емкостные свойства 
610 1 |a коллекторские свойства 
700 1 |a Тощева  |b Я. С. 
702 1 |a Шаминова  |b М. И.  |c российский геолог  |c доцент Томского политехнического университета, кандидат геолого-минералогических наук  |f 1955-  |g Марина Ивановна  |2 stltpush  |4 727 
712 0 2 |a Национальный исследовательский Томский государственный университет (ТГУ)  |c (2009- )  |2 stltpush  |3 (RuTPU)RU\TPU\col\17230 
801 2 |a RU  |b 63413507  |c 20210226  |g RCR 
856 4 |u http://earchive.tpu.ru/handle/11683/44328 
942 |c BK